|
|
|
|
| LEADER |
00974nam a2200253 a 4500 |
| 001 |
954224 |
| 008 |
090910s1985 maua b 001 0 eng d |
| 010 |
|
|
|a 84081085
|
| 020 |
|
|
|a 0669067466 (pbk.)
|
| 040 |
|
|
|a DLC
|c DLC
|d DLC
|
| 082 |
0 |
0 |
|a 371.1/02
|2 19
|
| 245 |
0 |
0 |
|a Teaching strategies :
|b a guide to better instruction /
|c Donald C. Orlich ... [et al.].
|
| 250 |
|
|
|a 2nd ed.
|
| 260 |
|
|
|a Lexington, Mass. :
|b D.C. Heath,
|c c1985.
|
| 300 |
|
|
|a xiv, 379 p. :
|b ill. ;
|c 24 cm.
|
| 504 |
|
|
|a Includes bibliographical references and index.
|
| 541 |
1 |
|
|e 00005164
|
| 650 |
|
0 |
|a Teaching.
|
| 650 |
|
0 |
|a Curriculum planning.
|
| 650 |
|
0 |
|a Educational tests and measurements.
|
| 700 |
1 |
|
|a Orlich, Donald C.
|
| 852 |
4 |
|
|a Ayesha Abed Library
|j General shelf
|
| 999 |
|
|
|c 4162
|d 4162
|
| 952 |
|
|
|0 0
|1 0
|2 ddc
|4 0
|6 371_102000000000000_TEA_1985
|7 0
|9 3829
|a BRACUL
|b BRACUL
|c GEN
|d 2009-10-03
|g 0.00
|l 0
|o 371.102 TEA
|p 3010005164
|r 2009-10-03
|t 1
|w 2009-10-03
|y BK
|x No price found in the accession register.
|